000 00688nam a22002177a 4500
003 BUBTL
008 221116b ||||| |||| 00| 0 eng d
020 _a9847002006521
082 _a822.4/ C76099w/ 2019
100 _94899
_a Congreve, William
245 _aThe Way of the World/
_cWilliam Congreve
250 _a1st Edn.
260 _aDhaka:
_bFriends' Book Corner,
_cc2019
300 _axxvi, 214 p.:
_c19 cm
440 _94221
_aFriends' Classics
505 _aThe Way of the World, William Congreve, Friends' Classics, English
650 0 _91994
_aEnglish Literature
856 _k0
_l0
_yDownload
942 _2ddc
_cBK
999 _c6795
_d6795